[Event "Copenhagen Obro CXU New Year op"]
[Site "Copenhagen"]
[Date "2023.12.30"]
[Round "7"]
[White "Hansen, Soren Bech"]
[Black "Borge, Nikolaj"]
[Result "0-1"]
[WhiteElo "2204"]
[BlackElo "2385"]
[PlyCount "75"]
[EventDate "2023.12.27"]
[EventType "swiss"]
[EventRounds "7"]
[EventCountry "DEN"]
[SourceTitle "CB01_2024"]
[SourceDate "2024.01.03"]
[SourceVersion "1"]
[SourceVersionDate "2024.01.03"]
[SourceQuality "1"]

1. e4 c5 2. Nf3 e6 3. c3 d5 4. e5 d4 5. d3 Nc6 6. g3 Qd5 7. c4 Qd7 8. Bg2 Nge7 9. 0-0 Ng6 10. Re1 Be7 11. h4 Qc7 12. Qe2 h5 13. Bh3 Bd7 14. Na3 0-0-0 15. Nc2 Rde8 16. b4 f6 17. bxc5 Bxc5 18. Bb2 Ngxe5 19. Nfxd4 Ng4 20. Kg2 Qb6 21. Nb5 a6 22. d4 Bf8 23. f3 f5 24. a4 axb5 25. axb5 Nb8 26. Bc3 e5 27. Ra8 Qg6 28. Qd2 f4 29. Kh1 fxg3 30. fxg4 hxg4 31. Bg2 Qf6 32. dxe5 Rxh4+ 33. Kg1 Bc5+ 34. Bd4 Rxe5 35. Bxc5 Rxc5 36. Rf1 Rf5 37. Rxf5 Qxf5 38. Rxb8+ 0-1

[Event "Copenhagen Obro CXU New Year op"]
[Site "Copenhagen"]
[Date "2023.12.27"]
[Round "1"]
[White "Derlich, Sarah Sima"]
[Black "Hansen, Soren Bech"]
[Result "0-1"]
[WhiteElo "1759"]
[BlackElo "2204"]
[PlyCount "108"]
[EventDate "2023.12.27"]
[EventType "swiss"]
[EventRounds "7"]
[EventCountry "DEN"]
[SourceTitle "CB01_2024"]
[SourceDate "2024.01.03"]
[SourceVersion "1"]
[SourceVersionDate "2024.01.03"]
[SourceQuality "1"]

1. e4 c5 2. Nf3 Nc6 3. Bb5 g6 4. c3 Nf6 5. Qe2 Bg7 6. 0-0 0-0 7. d4 cxd4 8. cxd4 d5 9. e5 Ne4 10. Nc3 Nxc3 11. bxc3 Qa5 12. Bd2 Bg4 13. Bxc6 bxc6 14. h3 Bxf3 15. Qxf3 Rab8 16. a4 Rb2 17. Bg5 Qc7 18. Qg4 e6 19. Qh4 Rfb8 20. Be7 Bf8 21. Bxf8 Rxf8 22. Qg5 Rfb8 23. Qe3 Qe7 24. Qd3 c5 25. Rfb1 c4 26. Rxb2 Rxb2 27. Qf3 a5 28. Qf4 Kg7 29. Qc1 Rb3 30. Rb1 Qa3 31. Qxa3 Rxa3 32. Rc1 Rxa4 33. Kh2 Ra3 34. Kg3 a4 35. Kf3 Rb3 36. Kg3 a3 37. f3 a2 38. Ra1 Rxc3 39. Rxa2 Rd3 40. Kf2 Rxd4 41. Ke2 Rd3 42. Rc2 h5 43. h4 f6 44. exf6+ Kxf6 45. Rc1 Ke5 46. g3 Ra3 47. Rc2 Kd4 48. Rd2+ Kc3 49. Rd1 d4 50. Rc1+ Kb4 51. Rb1+ Rb3 52. Rd1 Rb2+ 53. Kf1 Kc3 54. Rc1+ Kd3 0-1

[Event "Copenhagen Obro CXU New Year op"]
[Site "Copenhagen"]
[Date "2023.12.27"]
[Round "2"]
[White "Hansen, Soren Bech"]
[Black "Veiergang, Oscar"]
[Result "1-0"]
[WhiteElo "2204"]
[BlackElo "1992"]
[PlyCount "81"]
[EventDate "2023.12.27"]
[EventType "swiss"]
[EventRounds "7"]
[EventCountry "DEN"]
[SourceTitle "CB01_2024"]
[SourceDate "2024.01.03"]
[SourceVersion "1"]
[SourceVersionDate "2024.01.03"]
[SourceQuality "1"]

1. e4 e5 2. Bc4 Nc6 3. Nf3 Nf6 4. d3 Bc5 5. 0-0 d6 6. a4 a6 7. c3 Bg4 8. Nbd2 0-0 9. h3 Be6 10. Re1 Bxc4 11. Nxc4 b5 12. Ne3 Bxe3 13. Bxe3 d5 14. Bc5 Re8 15. axb5 axb5 16. Rxa8 Qxa8 17. Qb3 dxe4 18. Ng5 Nd8 19. Nxe4 Nxe4 20. Rxe4 Qc6 21. Be3 Nb7 22. c4 Nd6 23. cxb5 Nxb5 24. Rc4 Qd7 25. Rc5 c6 26. Qc4 Re6 27. Qe4 f6 28. Rc1 Nc7 29. Ra1 Re8 30. Ra7 Qd6 31. Qc4+ Nd5 32. Bc5 Qb8 33. Qg4 Nc7 34. Qd7 Ne6 35. b4 Qc8 36. Qf7+ Kh8 37. Rd7 h6 38. h4 Qa8 39. g3 Qc8 40. h5 f5 41. Bd6 1-0

[Event "Budapest FS12 IM"]
[Site "Budapest"]
[Date "2023.12.09"]
[Round "7"]
[White "Ojas, Kulkarni"]
[Black "Hansen, Soren Bech"]
[Result "1-0"]
[WhiteElo "2248"]
[BlackElo "2204"]
[PlyCount "103"]
[EventDate "2023.12.02"]
[EventType "tourn"]
[EventRounds "9"]
[EventCountry "HUN"]
[SourceTitle "CB51_2023"]
[SourceDate "2023.12.20"]
[SourceVersion "1"]
[SourceVersionDate "2023.12.20"]
[SourceQuality "1"]

1. d4 Nf6 2. c4 e6 3. a3 b6 4. Nc3 d5 5. cxd5 exd5 6. Bg5 Be7 7. e3 0-0 8. Bd3 Bb7 9. Nge2 Ne4 10. Bf4 c5 11. Qb1 f5 12. f3 Nxc3 13. bxc3 g6 14. g4 Ba6 15. gxf5 Bxd3 16. Qxd3 Rxf5 17. Ng3 Bh4 18. 0-0-0 c4 19. Qc2 Rf7 20. Rhg1 Nd7 21. Nf5 Kh8 22. Nxh4 Qxh4 23. Rg5 Qh3 24. Qf2 Nf6 25. Rdg1 Nh5 26. Be5+ Kg8 27. f4 Rd8 28. R1g4 Ng7 29. Bxg7 Kxg7 30. Rg3 Qd7 31. Qc2 Kf8 32. h4 Qe7 33. Kb2 Rd6 34. h5 Rff6 35. hxg6 hxg6 36. Rxg6 Rxg6 37. Rxg6 Rxg6 38. Qxg6 Qxe3 39. Qf5+ Ke7 40. Qe5+ Qxe5 41. dxe5 Ke6 42. Kc2 b5 43. Kd2 Kf5 44. Ke3 Ke6 45. Kd4 a5 46. Ke3 Kf5 47. Ke2 Ke6 48. Kd2 Kf5 49. Ke3 Ke6 50. Kd4 a4 51. Kc5 Kf5 52. Kxb5 1-0

[Event "Budapest FS12 IM"]
[Site "Budapest"]
[Date "2023.12.05"]
[Round "4"]
[White "Hansen, Soren Bech"]
[Black "Li, Guohao"]
[Result "0-1"]
[WhiteElo "2204"]
[BlackElo "2233"]
[PlyCount "132"]
[EventDate "2023.12.02"]
[EventType "tourn"]
[EventRounds "9"]
[EventCountry "HUN"]
[SourceTitle "CB51_2023"]
[SourceDate "2023.12.20"]
[SourceVersion "1"]
[SourceVersionDate "2023.12.20"]
[SourceQuality "1"]

1. e4 c6 2. d4 d5 3. e5 Bf5 4. Nd2 e6 5. Nb3 Nd7 6. Be3 Ne7 7. Ne2 Qc7 8. f4 h5 9. a4 a5 10. Qd2 Bg6 11. Nec1 Nf5 12. Bf2 b6 13. Bd3 c5 14. dxc5 bxc5 15. Bb5 c4 16. Nd4 Nxd4 17. Bxd4 Be7 18. 0-0 0-0 19. Bxd7 Qxd7 20. Ne2 Rfb8 21. Bc3 Bc5+ 22. Kh1 Rb7 23. Rfc1 Rab8 24. Nd4 Rxb2 25. Bxb2 Rxb2 26. Nb5 d4 27. Rab1 Rb4 28. Ra1 Rb2 29. Rab1 Rxb1 30. Rxb1 d3 31. c3 Be4 32. h3 Bc6 33. Kh2 Qd5 34. Re1 h4 35. Kh1 Bxb5 36. axb5 Bb6 37. f5 exf5 38. Qf4 Qxb5 39. Qxf5 Qd5 40. Qc8+ Bd8 41. Qg4 a4 42. Re4 Qe6 43. Qd1 a3 44. Qa4 d2 45. Rd4 Bg5 46. Qxa3 Qxe5 47. Qa8+ Kh7 48. Qf3 Bf4 49. g4 g5 50. Kg2 Qe1 51. Rd7 Kg7 52. Rd5 Be3 53. Qf1 Qg3+ 54. Kh1 Bf4 55. Rxd2 Qxc3 56. Rf2 Qd4 57. Re2 c3 58. Qf3 Bd2 59. Qf5 Bf4 60. Qc2 Qd5+ 61. Kg1 Qf3 62. Rg2 Qxh3 63. Kf2 Qe3+ 64. Kf1 h3 65. Re2 h2 66. Rxe3 h1Q+ 0-1

[Event "DEN-ch cand"]
[Site "Svendborg"]
[Date "2023.04.05"]
[Round "6"]
[White "Hoyer, Jacob"]
[Black "Hansen, Soren Bech"]
[Result "1-0"]
[WhiteElo "2194"]
[BlackElo "2237"]
[PlyCount "61"]
[EventDate "2023.04.05"]
[EventType "swiss"]
[EventRounds "7"]
[EventCountry "DEN"]
[SourceTitle "CBM 213 Extra"]
[Source "ChessBase"]
[SourceDate "2023.05.31"]
[SourceVersion "1"]
[SourceVersionDate "2023.05.31"]
[SourceQuality "1"]

1. d4 f5 2. g3 Nf6 3. Bg2 g6 4. Nf3 Bg7 5. 0-0 0-0 6. b3 d6 7. Bb2 c6 8. Nbd2 a5 9. c4 Na6 10. Qc2 Nc7 11. e4 fxe4 12. Nxe4 Nxe4 13. Qxe4 Bf5 14. Qh4 Qd7 15. Rfe1 Rae8 16. h3 h6 17. g4 g5 18. Qg3 Bg6 19. h4 Rf4 20. hxg5 hxg5 21. Nxg5 Rxg4 22. Qe3 Bh6 23. f4 Qf5 24. Nh3 e5 25. dxe5 Ne6 26. exd6 Bxf4 27. Qc3 Rg3 28. Qh8+ Kf7 29. Qh4 Be3+ 30. Rxe3 Rxe3 31. Rf1 1-0

[Event "ISL-chT Kvika 2223"]
[Site "Reykjavik"]
[Date "2023.03.18"]
[Round "9.1"]
[White "Hansen, Soren Bech"]
[Black "Jakubiec, Artur"]
[Result "0-1"]
[WhiteElo "2278"]
[BlackElo "2448"]
[PlyCount "136"]
[EventDate "2022.10.13"]
[EventType "team-tourn"]
[EventRounds "10"]
[EventCountry "ISL"]
[SourceTitle "CBM 213 Extra"]
[Source "ChessBase"]
[SourceDate "2023.05.31"]
[SourceVersion "1"]
[SourceVersionDate "2023.05.31"]
[SourceQuality "1"]
[WhiteTeam "Skakdeild KR"]
[BlackTeam "Vikingaklubburinn"]
[WhiteTeamCountry "ISL"]
[BlackTeamCountry "ISL"]

1. e4 c5 2. Nf3 Nc6 3. Bb5 e5 4. Bxc6 dxc6 5. d3 Bd6 6. Nbd2 f6 7. Nc4 Bc7 8. Be3 b6 9. a3 a5 10. Ng1 Ne7 11. Ne2 Ng6 12. 0-0 Be6 13. Kh1 0-0 14. b3 a4 15. b4 b5 16. Nd2 cxb4 17. axb4 Bd6 18. c3 Qc7 19. Qb1 Rfd8 20. c4 Qe7 21. c5 Bc7 22. Ra3 f5 23. exf5 Bxf5 24. Ng3 Be6 25. Nge4 h6 26. f3 Nh4 27. Ng3 Rd7 28. Nde4 Ng6 29. Ne2 Rad8 30. Nc1 Nh4 31. Qb2 Nf5 32. Bf2 Qf7 33. Re1 Nd4 34. Bg3 Bd5 35. Rc3 Nf5 36. Bf2 Be6 37. Qa3 Nd4 38. Qb2 Rd5 39. Bg3 Qh5 40. Ra3 Rf8 41. Kg1 Bd8 42. Nc3 Rd7 43. Rxe5 Qg6 44. Ne4 Nf5 45. Ne2 Bg5 46. Nxg5 hxg5 47. Bf2 Rfd8 48. Nc1 Bd5 49. Qe2 Nh6 50. Ra1 g4 51. f4 Qf6 52. g3 Bf3 53. Qe3 Nf7 54. Re8+ Kh7 55. Rxd8 Rxd8 56. d4 Nh6 57. Nd3 Nf5 58. Qe5 Qxe5 59. Nxe5 Nxd4 60. Bxd4 Rxd4 61. Nxf3 gxf3 62. Kf2 Rxb4 63. Kxf3 Rb3+ 64. Ke4 a3 65. Ke5 b4 66. Kd6 Rb2 67. Kxc6 a2 68. Kb5 b3 0-1

[Event "Titled Tuesday intern op 15 Mar Early"]
[Site "Chess.com INT"]
[Date "2022.03.15"]
[Round "2"]
[White "Hansen, Soren Bech"]
[Black "Kuzmin, Roman"]
[Result "0-1"]
[WhiteElo "2289"]
[BlackElo "2355"]
[PlyCount "100"]
[EventDate "2022.03.15"]
[EventType "swiss (blitz)"]
[EventRounds "11"]
[EventCountry "USA"]
[SourceTitle "CBM 207 Extra"]
[Source "ChessBase"]
[SourceDate "2022.05.31"]
[SourceVersion "1"]
[SourceVersionDate "2022.05.31"]
[SourceQuality "1"]

1. e4 c5 2. Nf3 d6 3. Bb5+ Bd7 4. Bxd7+ Qxd7 5. 0-0 Nf6 6. Qe2 Nc6 7. c3 e6 8. d4 cxd4 9. cxd4 d5 10. e5 Ne4 11. Nbd2 Nxd2 12. Bxd2 Be7 13. Rfc1 0-0 14. Rc3 Rfc8 15. Rac1 a6 16. h4 h6 17. h5 Bd8 18. g4 Ba5 19. Rxc6 Rxc6 20. Rxc6 Qxc6 21. Bxa5 Qc1+ 22. Kg2 Rc8 23. Bc3 b5 24. a3 Qf4 25. Ne1 a5 26. Nd3 Qg5 27. Bxa5 Re8 28. Bd2 Qh4 29. Qf3 Qe7 30. Bb4 Qg5 31. Qf4 Qh4 32. Qg3 Qg5 33. f4 Qd8 34. g5 Kh8 35. Kh3 f6 36. exf6 gxf6 37. g6 Kg7 38. Bc5 Qc8 39. Kh2 Qb8 40. Nf2 b4 41. axb4 Qb5 42. Qd3 Qb8 43. Qa6 Qxf4+ 44. Kg2 Qg5+ 45. Kf3 Qxh5+ 46. Ke3 Kxg6 47. Qb7 Qg5+ 48. Ke2 e5 49. Qxd5 exd4+ 50. Kf1 Qxd5 0-1

[Event "Budapest FS11 IM"]
[Site "Budapest"]
[Date "2021.11.15"]
[Round "10"]
[White "Hansen, Soren Bech"]
[Black "Chakravarthi, Reddy M"]
[Result "0-1"]
[WhiteElo "2304"]
[BlackElo "2332"]
[PlyCount "62"]
[EventDate "2021.11.06"]
[EventType "tourn"]
[EventRounds "11"]
[EventCountry "HUN"]
[EventCategory "1"]
[SourceTitle "CBM 205 Extra"]
[Source "ChessBase"]
[SourceDate "2022.01.31"]
[SourceVersion "1"]
[SourceVersionDate "2022.01.31"]
[SourceQuality "1"]

1. e4 e6 2. d4 d5 3. e5 c5 4. c3 Nc6 5. Nf3 Bd7 6. Be2 Nge7 7. 0-0 cxd4 8. cxd4 Nf5 9. Nc3 Be7 10. Be3 f6 11. exf6 Bxf6 12. Qd2 0-0 13. Bd3 Be7 14. Rad1 Bd6 15. Bb1 Be8 16. Bg5 Qd7 17. g4 Nfe7 18. Qd3 Ng6 19. Rfe1 e5 20. Nxe5 Bxe5 21. dxe5 Qxg4+ 22. Qg3 Qxg3+ 23. hxg3 Ngxe5 24. Kf1 Nf3 25. Be7 Rf7 26. Re3 Nxe7 27. Kg2 d4 28. Rxe7 Rxe7 29. Nd5 Re5 30. Nc7 Rc8 31. Nxe8 Ne1+ 0-1

[Event "Budapest FS11 IM"]
[Site "Budapest"]
[Date "2021.11.13"]
[Round "8"]
[White "Hansen, Soren Bech"]
[Black "Lyell, Mark"]
[Result "1-0"]
[WhiteElo "2304"]
[BlackElo "2108"]
[PlyCount "89"]
[EventDate "2021.11.06"]
[EventType "tourn"]
[EventRounds "11"]
[EventCountry "HUN"]
[EventCategory "1"]
[SourceTitle "CBM 205 Extra"]
[Source "ChessBase"]
[SourceDate "2022.01.31"]
[SourceVersion "1"]
[SourceVersionDate "2022.01.31"]
[SourceQuality "1"]

1. e4 e6 2. d4 d5 3. e5 c5 4. c3 Nc6 5. Nf3 Bd7 6. Be2 Nge7 7. 0-0 Nf5 8. dxc5 Bxc5 9. Bd3 0-0 10. Bxf5 exf5 11. Qxd5 Bb6 12. Na3 Be6 13. Qxd8 Raxd8 14. Re1 Bd5 15. Bf4 Rfe8 16. Nb5 Bxf3 17. gxf3 Rd3 18. Rad1 Rxf3 19. Bg3 f4 20. Kg2 Nxe5 21. Nd4 Bxd4 22. cxd4 fxg3 23. Rxe5 Rxf2+ 24. Kxg3 Re2 25. Rxe8+ Rxe8 26. Rc1 Kf8 27. Rc7 Re7 28. Rc8+ Re8 29. Rc7 Rb8 30. Kf4 a6 31. d5 Ke8 32. Ke5 h5 33. h4 b5 34. b4 Ra8 35. a3 Rb8 36. Ra7 Rb6 37. d6 g6 38. Kd5 Rb8 39. Rxa6 Rc8 40. Rb6 Rc4 41. Rxb5 Rxh4 42. Kc6 Rc4+ 43. Rc5 Rd4 44. Kc7 f6 45. b5 1-0

[Event "Budapest FS11 IM"]
[Site "Budapest"]
[Date "2021.11.08"]
[Round "3"]
[White "Hansen, Soren Bech"]
[Black "Graif, William"]
[Result "0-1"]
[WhiteElo "2304"]
[BlackElo "2216"]
[PlyCount "124"]
[EventDate "2021.11.06"]
[EventType "tourn"]
[EventRounds "11"]
[EventCountry "HUN"]
[EventCategory "1"]
[SourceTitle "CBM 205 Extra"]
[Source "ChessBase"]
[SourceDate "2022.01.31"]
[SourceVersion "1"]
[SourceVersionDate "2022.01.31"]
[SourceQuality "1"]

1. e4 c5 2. Nf3 Nc6 3. Bb5 g6 4. Bxc6 dxc6 5. d3 Bg7 6. h3 Nf6 7. Nc3 Nd7 8. Be3 e5 9. 0-0 b6 10. Qd2 h6 11. Nh2 Nf8 12. f4 exf4 13. Rxf4 Be6 14. a4 a5 15. Raf1 g5 16. R4f2 Qd6 17. Nf3 0-0-0 18. e5 Bxe5 19. Ne4 Qc7 20. Nxe5 Qxe5 21. Bxc5 bxc5 22. Qxa5 Nd7 23. Qa6+ Kb8 24. Qxc6 Qc7 25. Qa6 Rhf8 26. a5 Qc8 27. Qb5+ Qb7 28. Qxb7+ Kxb7 29. Nd6+ Kc7 30. Nxf7 Bxf7 31. Rxf7 Rxf7 32. Rxf7 Ra8 33. Rh7 Rxa5 34. Rxh6 g4 35. hxg4 Ne5 36. Rh7+ Kd6 37. g5 Ke6 38. Kf2 Ra1 39. Rc7 Rc1 40. g6 Rxc2+ 41. Ke3 Kd6 42. Rb7 Kc6 43. Rb8 Rxg2 44. b4 Nd7 45. b5+ Kd6 46. Rg8 Nf6 47. Rg7 Rg3+ 48. Ke2 Nh5 49. Ra7 Rxg6 50. b6 Nf4+ 51. Kd2 Rg2+ 52. Ke3 Nd5+ 53. Kf3 Rd2 54. Ra3 Nxb6 55. Ra6 Rxd3+ 56. Ke4 Rd4+ 57. Ke3 Kc6 58. Ra7 Kb5 59. Rh7 Rd7 60. Rh8 c4 61. Rh5+ Kb4 62. Rh6 Na4 0-1

[Event "Budapest FS11 IM"]
[Site "Budapest"]
[Date "2021.11.07"]
[Round "2"]
[White "Walker, Martin Graham"]
[Black "Hansen, Soren Bech"]
[Result "0-1"]
[WhiteElo "2196"]
[BlackElo "2304"]
[PlyCount "102"]
[EventDate "2021.11.06"]
[EventType "tourn"]
[EventRounds "11"]
[EventCountry "HUN"]
[EventCategory "1"]
[SourceTitle "CBM 205 Extra"]
[Source "ChessBase"]
[SourceDate "2022.01.31"]
[SourceVersion "1"]
[SourceVersionDate "2022.01.31"]
[SourceQuality "1"]

1. e4 c5 2. Nf3 Nc6 3. Bb5 g6 4. Bxc6 bxc6 5. 0-0 Bg7 6. d4 cxd4 7. Nxd4 Nf6 8. Nc3 0-0 9. Be3 Qc7 10. Qd2 Ng4 11. Bf4 d6 12. Nb3 Ne5 13. Bxe5 Bxe5 14. Qe3 a5 15. a4 Rb8 16. f4 Bg7 17. Rae1 Be6 18. Nd1 Rb4 19. e5 Bxb3 20. cxb3 Rfb8 21. Rf3 dxe5 22. fxe5 Rxb3 23. Qxb3 Rxb3 24. Rxb3 Bxe5 25. h3 Bd4+ 26. Kh1 e5 27. Rd3 Qb6 28. Rd2 Qb4 29. Nc3 Kg7 30. Kh2 f5 31. Red1 h5 32. Kh1 h4 33. Re2 Kh6 34. Rf1 Qc4 35. Rc1 Qb3 36. Rec2 c5 37. Re2 e4 38. Ra1 Kg5 39. Rc1 Bxc3 40. bxc3 Qxa4 41. c4 Qb3 42. Rec2 a4 43. Rc3 Qb4 44. R3c2 e3 45. Kg1 Kf4 46. Ra2 a3 47. Rca1 Qxc4 48. Rxa3 Qd4 49. Kf1 Qd2 50. R3a2 e2+ 51. Kf2 e1Q# 0-1

[Event "ISL-chT2 2122"]
[Site "Reykjavik"]
[Date "2021.10.03"]
[Round "4.2"]
[White "Hansen, Soren Bech"]
[Black "Halldorsson, Bragi"]
[Result "1-0"]
[WhiteElo "2296"]
[BlackElo "2028"]
[PlyCount "111"]
[EventDate "2021.10.01"]
[EventType "team-tourn"]
[EventRounds "7"]
[EventCountry "ISL"]
[SourceTitle "EXT 2024"]
[Source "ChessBase"]
[SourceDate "2023.10.10"]
[SourceVersion "1"]
[SourceVersionDate "2023.10.10"]
[SourceQuality "1"]
[WhiteTeam "Reykjavik KR"]
[BlackTeam "Gardabaer II"]
[WhiteTeamCountry "ISL"]
[BlackTeamCountry "ISL"]

1. e4 c6 2. d4 d5 3. Nc3 dxe4 4. Nxe4 Bf5 5. Ng3 Bg6 6. h4 h6 7. Nf3 Nd7 8. h5 Bh7 9. Bd3 Ngf6 10. Bxh7 Nxh7 11. Qe2 Nhf6 12. Bd2 e6 13. 0-0-0 Be7 14. Ne5 Qc7 15. f4 c5 16. Nxd7 Qxd7 17. f5 cxd4 18. Rhe1 0-0 19. fxe6 fxe6 20. Qxe6+ Qxe6 21. Rxe6 Bc5 22. Rf1 Ng4 23. b4 Rxf1+ 24. Nxf1 Bb6 25. Re7 Rf8 26. Ng3 Rf7 27. Rxf7 Kxf7 28. Bf4 Ke6 29. Kd2 Kd5 30. Bb8 Nf6 31. Kd3 a5 32. a3 axb4 33. axb4 Nd7 34. Bf4 Bd8 35. Nf5 Bf6 36. Bc7 b5 37. Bg3 Nf8 38. Nd6 Be7 39. Nxb5 Bxb4 40. Nxd4 g6 41. c4+ Kc5 42. hxg6 Nxg6 43. Nf5 Kc6 44. Nxh6 Bd6 45. Bxd6 Kxd6 46. Kd4 Nf4 47. Nf5+ Kc6 48. Ne3 Kd6 49. g4 Ke6 50. Ke4 Nh3 51. c5 Ng5+ 52. Kd4 Nf3+ 53. Kc4 Ke5 54. Kb5 Kf4 55. c6 Nd4+ 56. Kb6 1-0

[Event "ISL-chT2 2122"]
[Site "Reykjavik"]
[Date "2021.10.02"]
[Round "3.3"]
[White "Magnusson, Thorlakur"]
[Black "Hansen, Soren Bech"]
[Result "0-1"]
[WhiteElo "1813"]
[BlackElo "2296"]
[PlyCount "46"]
[EventDate "2021.10.01"]
[EventType "team-tourn"]
[EventRounds "7"]
[EventCountry "ISL"]
[SourceTitle "EXT 2024"]
[Source "ChessBase"]
[SourceDate "2023.10.10"]
[SourceVersion "1"]
[SourceVersionDate "2023.10.10"]
[SourceQuality "1"]
[WhiteTeam "Gardabaer III"]
[BlackTeam "Reykjavik KR"]
[WhiteTeamCountry "ISL"]
[BlackTeamCountry "ISL"]

1. e4 c5 2. Nf3 Nc6 3. b3 Nf6 4. d3 d5 5. exd5 Nxd5 6. Bb2 Bg4 7. Nc3 Qa5 8. Qd2 Bxf3 9. gxf3 Nd4 10. Be2 0-0-0 11. a3 e6 12. Kd1 Be7 13. Nxd5 Qxd2+ 14. Kxd2 Rxd5 15. Rae1 Bg5+ 16. Kd1 Rf5 17. Bxd4 cxd4 18. Rhg1 Rd8 19. Rg3 g6 20. Reg1 Bf4 21. R3g2 h5 22. Re1 Ra5 23. a4 b5 0-1

[Event "Titled Tuesday intern op 10th Aug"]
[Site "Chess.com INT"]
[Date "2021.08.10"]
[Round "9"]
[White "Ezat, Mohamed Mahmoud"]
[Black "Hansen, Soren Bech"]
[Result "1-0"]
[WhiteElo "2417"]
[BlackElo "2296"]
[PlyCount "75"]
[EventDate "2021.08.10"]
[EventType "swiss (blitz)"]
[EventRounds "11"]
[EventCountry "USA"]
[SourceTitle "CBM 203 Extra"]
[Source "ChessBase"]
[SourceDate "2021.09.30"]
[SourceVersion "1"]
[SourceVersionDate "2021.09.30"]
[SourceQuality "1"]

1. d4 f5 2. Nc3 Nf6 3. Bg5 d5 4. Bxf6 exf6 5. e3 c6 6. Bd3 Na6 7. a3 Nc7 8. Qf3 g6 9. h3 Ne6 10. g4 Ng5 11. Qg2 Ne4 12. Nge2 Qe7 13. gxf5 Bxf5 14. Nxe4 Bxe4 15. Bxe4 Qxe4 16. Qxe4+ dxe4 17. c4 f5 18. Nc3 Bg7 19. Ke2 c5 20. Nb5 0-0 21. Rad1 cxd4 22. Nxd4 Kf7 23. b4 Rfd8 24. Nb5 a6 25. Nd6+ Ke6 26. Nxb7 Rxd1 27. Rxd1 Bf8 28. Nd8+ Ke7 29. Nc6+ Kf6 30. c5 Rc8 31. Na5 Ke6 32. Nb3 h6 33. f3 exf3+ 34. Kxf3 g5 35. e4 f4 36. Rd5 Bg7 37. Rd6+ Ke5 38. Nd4 1-0

[Event "Titled Tuesday intern op 10th Aug"]
[Site "Chess.com INT"]
[Date "2021.08.10"]
[Round "7"]
[White "Hansen, Soren Bech"]
[Black "Perez Leiva, Jerzy Jesus"]
[Result "1/2-1/2"]
[WhiteElo "2296"]
[BlackElo "2384"]
[PlyCount "98"]
[EventDate "2021.08.10"]
[EventType "swiss (blitz)"]
[EventRounds "11"]
[EventCountry "USA"]
[SourceTitle "CBM 203 Extra"]
[Source "ChessBase"]
[SourceDate "2021.09.30"]
[SourceVersion "1"]
[SourceVersionDate "2021.09.30"]
[SourceQuality "1"]

1. e4 c6 2. d4 d5 3. Nc3 dxe4 4. Nxe4 Nf6 5. Nxf6+ exf6 6. Bc4 Bd6 7. Qe2+ Be7 8. Nf3 0-0 9. 0-0 Bg4 10. Be3 Nd7 11. h3 Bh5 12. c3 Qc7 13. Rfe1 Rfe8 14. Qd1 Rad8 15. Be2 c5 16. Qb3 cxd4 17. Nxd4 Bxe2 18. Rxe2 Nc5 19. Qc2 Bf8 20. Rd1 g6 21. Nb5 Qb6 22. Rxd8 Rxd8 23. Nd4 f5 24. Nb3 Qc7 25. Bxc5 Bxc5 26. Nxc5 Qxc5 27. Rd2 Re8 28. Qd1 Qe5 29. Kf1 Qh2 30. f3 Kg7 31. Rd7 Re5 32. Rd5 Re6 33. Qd4+ Kh6 34. Qd2+ f4 35. Rd4 g5 36. Rd6 Qh1+ 37. Kf2 Qb1 38. h4 Kh5 39. hxg5 Rxd6 40. Qxd6 Qxb2+ 41. Kg1 Qb1+ 42. Kh2 Kxg5 43. Qe5+ Qf5 44. Qe7+ Kg6 45. Qxb7 Qh5+ 46. Kg1 Qc5+ 47. Kh2 Qh5+ 48. Kg1 Qc5+ 49. Kh2 Qh5+ 1/2-1/2